| 000 | 00504nam a2200205Ia 4500 | ||
|---|---|---|---|
| 008 | 180523s9999 xx 000 0 und d | ||
| 020 | _a81-86757-13-9 | ||
| 050 | _aMAIN HF 5438.25 | ||
| 050 | _b.T39 2001 | ||
| 100 | _aTaylor, Robert F. | ||
| 245 | 0 | _a185 sales tips for sure-fire success / | |
| 245 | 0 | _cRobert F. Taylor. | |
| 260 | _aMumbai : | ||
| 260 | _bBPD (India), | ||
| 260 | _c2001 | ||
| 300 | _a234 pages : | ||
| 300 | _c21 cm. | ||
| 500 | _aIncludes index. | ||
| 650 | _aSelling. | ||
| 999 |
_c357110 _d357110 |
||